000
00211 a2200097 4500
001
447
100
_a
Jae
245
_a
Introduction to analytic geometry and algebra
260
_a
_b
Rinehart
_c
090
_c
66
_d
66
942
_a
NUST-CAE
_c
M
_c
33155
999
_c
235520
_d
235520